| 000 | 01033cab a2200253 4500 | ||
|---|---|---|---|
| 001 | ABS53775 | ||
| 008 | 090401t1995 xxu||||| |||| 00| 0 eng d | ||
| 035 | _a(Sirsi) u6538 | ||
| 041 | _aeng | ||
| 245 | _aFocus `95: Information technology | ||
| 260 | _c1995 | ||
| 350 | _a0 | ||
| 490 |
_aEstates Gazette _v(9541) 14 October 1995, 119-132(8) |
||
| 520 | _aReview of the property software products on display at the Property Computer Show `95. Article considering the lack of progress the property profession has made in exploring the commercial potential of the Internet (includes detail of RICS home page on the Worldwide Web). News items review some of the latest products on the market for property professionals. | ||
| 650 | _aAERIAL PHOTOGRAPHY | ||
| 650 | _aINTERNET | ||
| 650 | _aPROPERTY COMPUTER SHOW | ||
| 650 | _aPROPERTY MANAGEMENT SYSTEMS | ||
| 650 | _aPROPERTY SOFTWARE | ||
| 650 | _aWORLDWIDE WEB | ||
| 690 | _aMANAGEMENT-BUSINESS MANAGEMENT-INFORMATION MANAGEMENT | ||
| 942 | _n0 | ||
| 948 | _c04/03/1997 | ||
| 999 |
_c3914 _d3914 |
||